000 00601nam a2200181Ia 4500
008 090123s9999 xx 000 0 und d
082 _b4294
100 _aजोशी आशा
245 _aअल्लाउद्दीन आणि जादूचा दिवा
250 _a1
260 _c1976
300 _a72
600 _aजोशी आशा
630 _aअल्लाउद्दीन आणि जादूचा दिवा
700 _aजोशी आशा
730 _aअल्लाउद्दीन आणि जादूचा दिवा
942 _cBOOK
999 _c42369
_d42369